000 00354 a2200133 4500
245 _aThe French Lieutenant's Woman
_hprint
020 _a058603403X
250 _a[1st ed.]
650 _aEnglish Novel
005 20191021095542.0
260 _aGreat Britain
_bTriad
_c1977
084 _aPZ4.F788 Fr3
300 _a467 p. 25 cm.
_b467 p. 25 cm.
_c467 p. 25 cm.
999 _c12381
_d12381